[Event "Catalunya-chT Gp2"]
[Site "Barcelona"]
[Date "2019.03.02"]
[Round "7.4"]
[White "Moll, Arne"]
[Black "Alonso Garcia, Rene Marcial"]
[Result "1/2-1/2"]
[WhiteElo "2189"]
[BlackElo "2348"]
[PlyCount "45"]
[EventDate "2019.01.19"]
[EventType "team-tourn"]
[EventRounds "7"]
[EventCountry "ESP"]
[SourceTitle "CBM 189 Extra"]
[Source "ChessBase"]
[SourceDate "2019.06.03"]
[SourceVersion "1"]
[SourceVersionDate "2019.06.03"]
[SourceQuality "1"]
[WhiteTeam "Tres Peons"]
[BlackTeam "Cerdanyola Valles"]
[WhiteTeamCountry "ESP"]
[BlackTeamCountry "ESP"]

1. b3 Nf6 2. Bb2 g6 3. Bxf6 exf6 4. c4 Bg7 5. Nc3 f5 6. Rc1 c6 7. g3 d6 8. Bg2 0-0 9. Nf3 Nd7 10. 0-0 Re8 11. d3 Nf6 12. Qc2 Bd7 13. b4 Rc8 14. Qb3 a6 15. a4 b6 16. Rfe1 b5 17. axb5 cxb5 18. Ng5 Rf8 19. cxb5 axb5 20. Nh3 Re8 21. Nd5 g5 22. Nxg5 Nxd5 23. Bxd5 1/2-1/2

[Event "Amsterdam ACT op 3rd"]
[Site "Amsterdam"]
[Date "2006.07.23"]
[Round "9"]
[White "Tan, Matthew"]
[Black "Moll, Arne"]
[Result "1/2-1/2"]
[WhiteElo "2288"]
[BlackElo "2180"]
[PlyCount "38"]
[EventDate "2006.07.15"]
[EventType "swiss"]
[EventRounds "9"]
[EventCountry "NED"]
[SourceTitle "CBM 113 Extra"]
[Source "ChessBase"]
[SourceDate "2006.09.14"]
[SourceVersion "1"]
[SourceVersionDate "2006.09.14"]
[SourceQuality "1"]

1. e4 c5 2. Nf3 e6 3. d4 cxd4 4. Nxd4 Nf6 5. Nc3 Nc6 6. Ndb5 Bb4 7. a3 Bxc3+ 8. Nxc3 d5 9. exd5 exd5 10. Bd3 0-0 11. 0-0 d4 12. Ne4 Bf5 13. Bg5 Bxe4 14. Bxe4 Qd6 15. Bxf6 Qxf6 16. Qh5 g6 17. Qb5 Rab8 18. b3 Rfe8 19. Bxc6 Qxc6 1/2-1/2

[Event "New York Masters 89th"]
[Site "New York"]
[Date "2004.01.27"]
[Round "1"]
[White "Moll, Arne"]
[Black "Kacheishvili, Giorgi"]
[Result "0-1"]
[WhiteElo "2167"]
[BlackElo "2598"]
[PlyCount "57"]
[EventDate "2004.01.27"]
[EventType "swiss (rapid)"]
[EventRounds "4"]
[EventCountry "USA"]
[SourceTitle "CBM 098 Extra"]
[Source "ChessBase"]
[SourceDate "2004.03.10"]
[SourceVersion "2"]
[SourceVersionDate "2004.03.10"]
[SourceQuality "1"]

1. e4 c6 2. d4 d5 3. e5 Bf5 4. Nc3 Qb6 5. Bd3 Bxd3 6. Qxd3 e6 7. Nge2 Ne7 8. 0-0 Nd7 9. Qh3 c5 10. Be3 Nc6 11. dxc5 Nxc5 12. b4 Qxb4 13. Rab1 Qc4 14. Bxc5 Bxc5 15. Rxb7 0-0 16. Qg3 Rab8 17. Rc7 Bb6 18. Rd7 Nd4 19. Nf4 Nf5 20. Qf3 Qc6 21. Rxd5 exd5 22. Nfxd5 Nd4 23. Qe4 Kh8 24. Rd1 Rfd8 25. Rd3 Qg6 26. Rxd4 Bxd4 27. Qxd4 Qxc2 28. h3 Rbc8 29. Nb5 0-1

[Event "Oz.com qual blitz"]
[Site "ICC INT"]
[Date "2000.03.05"]
[Round "6"]
[White "Polster, Wolfgang"]
[Black "Moll, Arne"]
[Result "0-1"]
[WhiteElo "2235"]
[BlackElo "2167"]
[PlyCount "120"]
[EventDate "2000.03.05"]
[EventType "swiss (blitz)"]
[EventRounds "9"]
[EventCountry "USA"]
[SourceTitle "EXT 2001"]
[Source "ChessBase"]
[SourceDate "2000.11.22"]
[SourceVersion "1"]
[SourceVersionDate "2000.11.22"]
[SourceQuality "1"]

1. e4 c5 2. Nc3 Nc6 3. g3 g6 4. d3 Bg7 5. Be3 d6 6. Qd2 e6 7. Bg2 Rb8 8. Nge2 Nd4 9. Nc1 Ne7 10. 0-0 0-0 11. Nd1 b6 12. c3 Ndc6 13. Bh6 d5 14. Bxg7 Kxg7 15. Qc2 d4 16. Ne2 Ba6 17. c4 b5 18. cxb5 Bxb5 19. Nc1 Qb6 20. b3 Nb4 21. Qd2 Qa6 22. Nb2 f5 23. Re1 Rbe8 24. Nc4 Nec6 25. Nd6 Rd8 26. Nxb5 Qxb5 27. a3 Na6 28. exf5 exf5 29. Re6 Rf6 30. Rxf6 Kxf6 31. Qf4 Ne5 32. Qh4+ g5 33. Qxh7 Qd7 34. Qh6+ Ng6 35. f4 gxf4 36. Ne2 Rh8 37. Qxh8+ Nxh8 38. Nxf4 Nc7 39. Re1 Ng6 40. Nh5+ Kg5 41. Bf3 Nd5 42. h4+ Kh6 43. Rc1 Nc3 44. Kf2 Ne4+ 45. dxe4 fxe4 46. Bd1 e3+ 47. Ke1 d3 48. Rxc5 e2 49. Bxe2 dxe2 50. Rc1 Kxh5 51. Kxe2 Kg4 52. h5 Kxh5 53. Rc4 Ne5 54. Rh4+ Kg5 55. Ra4 Qd3+ 56. Kf2 Qxb3 57. Ra5 Qf3+ 58. Kg1 Qxg3+ 59. Kh1 Qe1+ 60. Kg2 Qxa5 0-1